[Event "CAN-op"]
[Site "Edmonton CAN"]
[Date "2009.07.16"]
[Round "6.49"]
[White "De Jong, Werner"]
[Black "Manley, Jason"]
[Result "1/2-1/2"]
[WhiteElo "1792"]
[BlackElo "2028"]
[PlyCount "50"]
[GameId "2160767910156149"]
[EventDate "2009.07.11"]
[EventType "swiss"]
[EventRounds "9"]
[EventCountry "CAN"]
[SourceTitle "EXT 2022"]
[Source "ChessBase"]
[SourceDate "2021.10.06"]
[SourceVersion "1"]
[SourceVersionDate "2021.10.06"]
[SourceQuality "1"]

1. c4 e6 2. g3 Nf6 3. Bg2 d5 4. Nf3 c6 5. Qc2 Nbd7 6. O-O Bd6 7. b3 O-O 8. d4 e5 9. dxe5 Nxe5 10. Bb2 Qe7 11. cxd5 Nxd5 12. Nc3 Nf6 13. h3 Re8 14. Nxe5 Bxe5 15. e3 Be6 16. Ne2 Bxb2 17. Qxb2 Rad8 18. Nf4 Bc8 19. Rad1 h6 20. Qc2 Qe5 21. Rxd8 Rxd8 22. Rd1 Rd6 23. g4 Kf8 24. Bf3 Ke7 25. Kg2 Bd7 1/2-1/2

[Event "CAN-op"]
[Site "Edmonton CAN"]
[Date "2009.07.16"]
[Round "6.50"]
[White "Wong, Ford"]
[Black "Aird, Ian"]
[Result "1/2-1/2"]
[WhiteElo "1774"]
[BlackElo "1972"]
[PlyCount "88"]
[GameId "2160767910156150"]
[EventDate "2009.07.11"]
[EventType "swiss"]
[EventRounds "9"]
[EventCountry "CAN"]
[SourceTitle "EXT 2022"]
[Source "ChessBase"]
[SourceDate "2021.10.06"]
[SourceVersion "1"]
[SourceVersionDate "2021.10.06"]
[SourceQuality "1"]

1. d4 d5 2. c4 c6 3. Nf3 Nf6 4. Nc3 dxc4 5. a4 Bf5 6. e3 e6 7. Bxc4 Bb4 8. O-O O-O 9. Qe2 Nbd7 10. Rd1 Ne4 11. Nxe4 Bxe4 12. Bd2 Qa5 13. Bxb4 Qxb4 14. Ng5 Bg6 15. Nxe6 Rfc8 16. Nf4 Nb6 17. b3 Qd6 18. Nxg6 Qxg6 19. Rac1 Re8 20. Bd3 Qf6 21. Qh5 g6 22. Qh6 Rad8 23. Rc5 Nd5 24. Rdc1 Re7 25. a5 a6 26. h4 Ree8 27. h5 Qg7 28. Qxg7+ Kxg7 29. hxg6 hxg6 30. g3 f5 31. Be2 Kf6 32. Bf3 Nb4 33. R5c4 Nd5 34. Bxd5 Rxd5 35. Rb4 Re7 36. Rc5 Ke6 37. Rxd5 Kxd5 38. Rc4 Ke4 39. Kg2 g5 40. Rc3 g4 41. Rc5 Re8 42. Kf1 Re7 43. Ke2 Re8 44. b4 Re7 1/2-1/2

[Event "CAN-op"]
[Site "Edmonton CAN"]
[Date "2009.07.16"]
[Round "6.51"]
[White "Boron, Anthony"]
[Black "Zeggelaar, Mike"]
[Result "1/2-1/2"]
[WhiteElo "1992"]
[BlackElo "1810"]
[PlyCount "32"]
[GameId "2160767910156151"]
[EventDate "2009.07.11"]
[EventType "swiss"]
[EventRounds "9"]
[EventCountry "CAN"]

1. Nf3 e6 2. c4 f5 3. Nc3 Nf6 4. d3 d6 5. g3 Be7 6. Bg2 O-O 7. O-O a5 8. b3 Qe8 9. Nb5 Na6 10. Bb2 Bd7 11. Nc3 Qh5 12. Qd2 e5 13. Qg5 Qe8 14. Qd2 Qh5 15. Qg5 Qe8 16. Qd2 Qh5 1/2-1/2

[Event "CAN-op"]
[Site "Edmonton CAN"]
[Date "2009.07.16"]
[Round "6.52"]
[White "Robertson, Trevor"]
[Black "Tot, Nandor"]
[Result "0-1"]
[WhiteElo "1651"]
[BlackElo "1975"]
[PlyCount "44"]
[GameId "2160767910156152"]
[EventDate "2009.07.11"]
[EventType "swiss"]
[EventRounds "9"]
[EventCountry "CAN"]
[SourceTitle "EXT 2022"]
[Source "ChessBase"]
[SourceDate "2021.10.06"]
[SourceVersion "1"]
[SourceVersionDate "2021.10.06"]
[SourceQuality "1"]

1. c4 e5 2. Nc3 Nf6 3. e3 d5 4. cxd5 Nxd5 5. Bc4 c6 6. Qb3 Be6 7. Nxd5 cxd5 8. Qxb7 dxc4 9. Qxa8 Bd5 10. Qxa7 Bxg2 11. Qa4+ Qd7 12. Qxc4 Bxh1 13. f3 Bd6 14. Qf1 e4 15. f4 O-O 16. h3 Be7 17. Qf2 Qd8 18. Qh2 Bh4+ 19. Kd1 Bf3+ 20. Nxf3 exf3 21. b3 f2 22. Qg2 Qd3 0-1

[Event "CAN-op"]
[Site "Edmonton CAN"]
[Date "2009.07.16"]
[Round "6.55"]
[White "Goodman, Clifford"]
[Black "Newton, Geoff"]
[Result "0-1"]
[WhiteElo "1630"]
[BlackElo "1953"]
[PlyCount "68"]
[GameId "2160767910156154"]
[EventDate "2009.07.11"]
[EventType "swiss"]
[EventRounds "9"]
[EventCountry "CAN"]
[SourceTitle "EXT 2022"]
[Source "ChessBase"]
[SourceDate "2021.10.06"]
[SourceVersion "1"]
[SourceVersionDate "2021.10.06"]
[SourceQuality "1"]

1. Nf3 d5 2. c4 c6 3. g3 Nf6 4. Bg2 e6 5. O-O Be7 6. b3 Qb6 7. cxd5 exd5 8. Bb2 O-O 9. d3 Re8 10. Nbd2 Bf5 11. Rc1 Nbd7 12. Ne5 Nxe5 13. Bxe5 Ba3 14. Bxf6 Bxc1 15. Qxc1 gxf6 16. e4 dxe4 17. dxe4 Bg6 18. Nc4 Qc5 19. Qf4 b5 20. Nd6 Re6 21. Nf5 Bxf5 22. exf5 Re5 23. Rc1 Qd6 24. h4 Rae8 25. Rxc6 Re1+ 26. Kh2 Qxf4 27. gxf4 R1e2 28. Kg3 Rxa2 29. Bd5 Rd8 30. Bf3 Rd3 31. h5 h6 32. Rxf6 Rxb3 33. Kg4 Kg7 34. Bd5 Kxf6 0-1

[Event "CAN-op"]
[Site "Edmonton CAN"]
[Date "2009.07.16"]
[Round "6.56"]
[White "Nadeau, Gabrielle"]
[Black "Janzen, Tyler"]
[Result "1/2-1/2"]
[WhiteElo "1912"]
[BlackElo "1656"]
[PlyCount "155"]
[GameId "2160767910156155"]
[EventDate "2009.07.11"]
[EventType "swiss"]
[EventRounds "9"]
[EventCountry "CAN"]
[SourceTitle "EXT 2022"]
[Source "ChessBase"]
[SourceDate "2021.10.06"]
[SourceVersion "1"]
[SourceVersionDate "2021.10.06"]
[SourceQuality "1"]

1. d4 Nf6 2. c4 c5 3. e3 e6 4. Nc3 cxd4 5. exd4 Bb4 6. Qc2 O-O 7. Bg5 Nc6 8. Nf3 Be7 9. Bd3 h6 10. h4 Nb4 11. Qb1 Nxd3+ 12. Qxd3 b6 13. d5 Bb4 14. O-O-O Bxc3 15. bxc3 Ba6 16. Ne5 exd5 17. Bxf6 Qxf6 18. Qg3 Rfd8 19. Ng4 Qg6 20. h5 Qg5+ 21. f4 Qe7 22. Nxh6+ Kh8 23. Nf5 Qf6 24. h6 g6 25. Nh4 Bxc4 26. Rd4 Rac8 27. f5 g5 28. Ng6+ fxg6 29. fxg6 Bxa2 30. Kb2 Bc4 31. Rg4 Rg8 32. Rxg5 Rce8 33. h7 Rg7 34. Re1 Rf8 35. Kc1 Bd3 36. Kd2 Bxg6 37. Qe3 Qf4 38. Qxf4 Rxf4 39. Rxd5 Rf2+ 40. Ke3 Rxg2 41. Red1 Bh5 42. Rxh5 R2g6 43. Rhd5 Re6+ 44. Kd4 Rxh7 45. Kc4 Rc6+ 46. Kb4 Rc7 47. c4 Rh4 48. Rxd7 Rhxc4+ 49. Kb3 R4c5 50. R7d6 Kg8 51. Rf1 Rf7 52. Rxf7 Kxf7 53. Rd7+ Ke6 54. Rxa7 Kd6 55. Kb4 Kc6 56. Rh7 Rg5 57. Rh6+ Kb7 58. Rh7+ Ka6 59. Rh6 Rg4+ 60. Kb3 Ka5 61. Rh5+ b5 62. Rh8 Rg3+ 63. Kb2 Ka4 64. Ra8+ Kb4 65. Rb8 Rg2+ 66. Kb1 Rg5 67. Kb2 Re5 68. Rb7 Kc4 69. Rb8 b4 70. Rb7 Rg5 71. Rc7+ Kb5 72. Rb7+ Kc5 73. Rc7+ Kb6 74. Rc8 Kb5 75. Rb8+ Kc4 76. Rc8+ Rc5 77. Rb8 Rb5 78. Rc8+ 1/2-1/2

[Event "CAN-op"]
[Site "Edmonton CAN"]
[Date "2009.07.16"]
[Round "6.57"]
[White "Houston, Mike"]
[Black "Motuz, Vitaly"]
[Result "0-1"]
[WhiteElo "1269"]
[BlackElo "1905"]
[PlyCount "28"]
[GameId "2160767910156156"]
[EventDate "2009.07.11"]
[EventType "swiss"]
[EventRounds "9"]
[EventCountry "CAN"]

1. c4 Nf6 2. Nc3 g6 3. e4 d6 4. d4 Bg7 5. Nf3 O-O 6. Be2 e5 7. h3 exd4 8. Nxd4 Re8 9. Qd3 Na6 10. f3 Nc5 11. Qc2 Nfxe4 12. Ndb5 Qh4+ 13. Kd1 Nf2+ 14. Kd2 Bh6+ 0-1

[Event "CAN-op"]
[Site "Edmonton CAN"]
[Date "2009.07.16"]
[Round "6.58"]
[White "Kuczaj, Chris"]
[Black "Deimert, Elroy"]
[Result "1/2-1/2"]
[WhiteElo "1902"]
[BlackElo "1580"]
[PlyCount "30"]
[GameId "2160767910156157"]
[EventDate "2009.07.11"]
[EventType "swiss"]
[EventRounds "9"]
[EventCountry "CAN"]
[SourceTitle "EXT 2022"]
[Source "ChessBase"]
[SourceDate "2021.10.06"]
[SourceVersion "1"]
[SourceVersionDate "2021.10.06"]
[SourceQuality "1"]

1. d4 Nf6 2. Nf3 d6 3. Nc3 Nbd7 4. e4 e5 5. Bc4 Be7 6. O-O O-O 7. dxe5 dxe5 8. Bb3 c6 9. Bg5 Qc7 10. Qe2 Nc5 11. h3 Nxb3 12. axb3 a5 13. Rfe1 b6 14. Rad1 Ba6 15. Qe3 Bc5 1/2-1/2

[Event "CAN-op"]
[Site "Edmonton CAN"]
[Date "2009.07.16"]
[Round "6.59"]
[White "Achtemichuk, Chris"]
[Black "Nguyen, Kim"]
[Result "0-1"]
[WhiteElo "1676"]
[BlackElo "2140"]
[PlyCount "70"]
[GameId "2160767910156158"]
[EventDate "2009.07.11"]
[EventType "swiss"]
[EventRounds "9"]
[EventCountry "CAN"]
[SourceTitle "EXT 2022"]
[Source "ChessBase"]
[SourceDate "2021.10.06"]
[SourceVersion "1"]
[SourceVersionDate "2021.10.06"]
[SourceQuality "1"]

1. Nf3 Nf6 2. g3 g6 3. Bg2 Bg7 4. d3 O-O 5. O-O d6 6. Nbd2 Nbd7 7. b4 Nd5 8. c3 Nxc3 9. Qe1 Nxe2+ 10. Qxe2 Bxa1 11. d4 e5 12. Nb3 Bxd4 13. Nbxd4 exd4 14. Re1 Ne5 15. Nxd4 Re8 16. Be3 Bg4 17. Qc2 c5 18. bxc5 dxc5 19. Nb3 b6 20. Nd2 Rc8 21. f3 Nd3 22. Re2 Nb4 23. Qc4 Be6 24. Qc3 Nxa2 25. Qa1 f5 26. Kh1 Qd3 27. Bh6 Qc3 28. Qxc3 Nxc3 29. Re3 Nd5 30. Ra3 c4 31. Rxa7 Re7 32. Ra6 c3 33. Nb3 Nb4 34. Bg5 Nxa6 35. Bxe7 Bxb3 0-1

[Event "CAN-op"]
[Site "Edmonton CAN"]
[Date "2009.07.16"]
[Round "6.60"]
[White "Dean, Tim"]
[Black "Panteluk, Steven"]
[Result "1-0"]
[WhiteElo "1990"]
[BlackElo "1682"]
[PlyCount "46"]
[GameId "2160767910156159"]
[EventDate "2009.07.11"]
[EventType "swiss"]
[EventRounds "9"]
[EventCountry "CAN"]
[SourceTitle "EXT 2022"]
[Source "ChessBase"]
[SourceDate "2021.10.06"]
[SourceVersion "1"]
[SourceVersionDate "2021.10.06"]
[SourceQuality "1"]

1. e4 e5 2. Nf3 Nc6 3. Bb5 a6 4. Ba4 Nf6 5. O-O Be7 6. Re1 b5 7. Bb3 O-O 8. d3 d6 9. c3 Bg4 10. h3 Bh5 11. Nbd2 Na5 12. Bc2 c5 13. Nf1 h6 14. Ng3 Bg6 15. d4 exd4 16. cxd4 c4 17. Nh4 Bxe4 18. Nxe4 Nxe4 19. Bxe4 Bxh4 20. Bxa8 Qxa8 21. Qg4 g5 22. g3 Kh8 23. Qh5 Rg8 1-0

[Event "CAN-op"]
[Site "Edmonton CAN"]
[Date "2009.07.16"]
[Round "6.61"]
[White "Sponga, George"]
[Black "Steele, Len"]
[Result "0-1"]
[WhiteElo "1671"]
[BlackElo "1984"]
[PlyCount "106"]
[GameId "2160767910156160"]
[EventDate "2009.07.11"]
[EventType "swiss"]
[EventRounds "9"]
[EventCountry "CAN"]
[SourceTitle "EXT 2022"]
[Source "ChessBase"]
[SourceDate "2021.10.06"]
[SourceVersion "1"]
[SourceVersionDate "2021.10.06"]
[SourceQuality "1"]

1. e4 c5 2. Bc4 e6 3. c3 d5 4. exd5 exd5 5. Be2 Nf6 6. d3 Bd6 7. Nf3 O-O 8. O-O Nc6 9. Bg5 Qc7 10. Bxf6 gxf6 11. Qa4 d4 12. Nbd2 b5 13. Qc2 dxc3 14. bxc3 Bf5 15. Ne4 Be7 16. Qd2 Bg6 17. Qh6 f5 18. Ng3 Qd6 19. h4 f4 20. Nh5 Bxh5 21. Qxh5 Qg6 22. Qd5 Qe6 23. Qe4 Qd6 24. Rfe1 f5 25. Qxe7 Nxe7 26. Bd1 h6 27. Bb3+ Kg7 28. Re6 Qc7 29. Rae1 Rae8 30. h5 Rf6 31. R6e5 Kf8 32. Nh4 Kg7 33. Ng6 Rxg6 34. hxg6 Kxg6 35. Bd1 Kg5 36. g4 fxg3 37. fxg3 Rd8 38. Rxe7 Qxg3+ 39. Kh1 Qh3+ 40. Kg1 Rxd3 41. Rg7+ Kf6 42. Rg2 Rxc3 43. Bc2 Rg3 44. Ree2 Rxg2+ 45. Rxg2 Qe3+ 46. Rf2 f4 47. Kg2 Qg3+ 48. Kf1 Ke5 49. Re2+ Kd4 50. Rf2 f3 51. Bd1 Ke3 52. Rxf3+ Qxf3+ 53. Bxf3 Kxf3 0-1

[Event "CAN-op"]
[Site "Edmonton CAN"]
[Date "2009.07.16"]
[Round "6.62"]
[White "Ritchie, Gordon"]
[Black "Lefkowitz, Phil"]
[Result "1-0"]
[WhiteElo "1870"]
[BlackElo "1664"]
[PlyCount "73"]
[GameId "2160767910156161"]
[EventDate "2009.07.11"]
[EventType "swiss"]
[EventRounds "9"]
[EventCountry "CAN"]
[SourceTitle "EXT 2022"]
[Source "ChessBase"]
[SourceDate "2021.10.06"]
[SourceVersion "1"]
[SourceVersionDate "2021.10.06"]
[SourceQuality "1"]

1. e4 c6 2. d4 d5 3. Nc3 dxe4 4. Nxe4 Bf5 5. Ng3 Bg6 6. Bc4 e6 7. N1e2 Bd6 8. O-O Ne7 9. f4 O-O 10. Bd3 f5 11. Qe1 b5 12. Kh1 Nd7 13. Ng1 Bf7 14. Nf3 Kh8 15. Ng5 Rb8 16. Nxe6 Bxe6 17. Qxe6 Rf6 18. Qe1 Nb6 19. Ne2 Qc7 20. Qf2 Nbd5 21. c3 c5 22. g3 c4 23. Bc2 a5 24. Ng1 b4 25. Qf3 b3 26. axb3 cxb3 27. Bd1 Nxc3 28. Qxc3 Qxc3 29. bxc3 b2 30. Bxb2 Rxb2 31. Rxa5 g6 32. Nf3 h6 33. Ne5 Kg7 34. Ra7 g5 35. Re1 Re6 36. Bf3 Kf6 37. Nd7+ 1-0

[Event "CAN-op"]
[Site "Edmonton CAN"]
[Date "2009.07.16"]
[Round "6.63"]
[White "Bentley, Bill"]
[Black "Long, Hugh"]
[Result "1-0"]
[WhiteElo "1854"]
[BlackElo "1672"]
[PlyCount "107"]
[GameId "2160767910156162"]
[EventDate "2009.07.11"]
[EventType "swiss"]
[EventRounds "9"]
[EventCountry "CAN"]
[SourceTitle "EXT 2022"]
[Source "ChessBase"]
[SourceDate "2021.10.06"]
[SourceVersion "1"]
[SourceVersionDate "2021.10.06"]
[SourceQuality "1"]

1. d4 Nf6 2. c4 e6 3. Nf3 d5 4. Bg5 Be7 5. Nc3 Nbd7 6. e3 h6 7. Bh4 g5 8. Bg3 c6 9. Rc1 Nh5 10. Bd3 Nxg3 11. hxg3 Bf6 12. Qe2 Bg7 13. e4 dxe4 14. Nxe4 Nf6 15. O-O Nxe4 16. Qxe4 f5 17. Qe3 Kf7 18. Rcd1 Re8 19. Ne5+ Kg8 20. g4 Qc7 21. Kh1 c5 22. Nf3 fxg4 23. Nd2 cxd4 24. Qe4 Bd7 25. Qxg4 e5 26. Qh5 Bc6 27. Rde1 Re6 28. Ne4 Bxe4 29. Rxe4 Rf8 30. Qe2 Rf4 31. g3 Rxe4 32. Bxe4 Re7 33. Bd5+ Kh8 34. Qe4 Qd7 35. Kg2 b6 36. Rh1 Qd6 37. Qg4 Qg6 38. Be4 Qf6 39. b3 Rf7 40. Rf1 Rf8 41. Qd7 a5 42. Qg4 Rd8 43. Bd3 Kg8 44. Qe2 Re8 45. Qe4 Kf8 46. Rc1 Rc8 47. Qg4 Re8 48. c5 h5 49. Qe4 bxc5 50. Rxc5 Qb6 51. Rc6 Qd8 52. Qf5+ Kg8 53. Qh7+ Kf8 54. Bc4 1-0

[Event "CAN-op"]
[Site "Edmonton CAN"]
[Date "2009.07.16"]
[Round "6.64"]
[White "MacLeod, Damon"]
[Black "Purewal, Pal"]
[Result "1-0"]
[WhiteElo "1835"]
[BlackElo "1631"]
[PlyCount "109"]
[GameId "2160767910156163"]
[EventDate "2009.07.11"]
[EventType "swiss"]
[EventRounds "9"]
[EventCountry "CAN"]
[SourceTitle "EXT 2022"]
[Source "ChessBase"]
[SourceDate "2021.10.06"]
[SourceVersion "1"]
[SourceVersionDate "2021.10.06"]
[SourceQuality "1"]

1. e4 c5 2. Nf3 Nc6 3. Bb5 a6 4. Bxc6 bxc6 5. O-O e6 6. e5 d6 7. exd6 Bxd6 8. d4 cxd4 9. Qxd4 Nf6 10. Bg5 Be7 11. Nc3 Qxd4 12. Nxd4 Bb7 13. Rad1 h6 14. Bf4 Nd5 15. Nxd5 cxd5 16. Rd3 Bf6 17. Rb3 Bxd4 18. Rxb7 O-O 19. Re1 Rfc8 20. c3 Ba7 21. Rd1 Bb8 22. Be3 Be5 23. Bd4 Bxd4 24. Rxd4 a5 25. Kf1 Rcb8 26. Rxb8+ Rxb8 27. b3 Rc8 28. c4 dxc4 29. Rxc4 Rd8 30. Ke2 Rd5 31. a3 Kf8 32. b4 axb4 33. axb4 Ke8 34. Ke3 Rg5 35. g3 Rh5 36. h4 Rf5 37. g4 Rb5 38. Rd4 e5 39. Re4 Kd7 40. Kd3 g6 41. Kc4 Kc6 42. f4 f6 43. g5 hxg5 44. hxg5 f5 45. Rxe5 Rxe5 46. fxe5 f4 47. b5+ Kb6 48. Kd3 f3 49. Ke3 f2 50. Kxf2 Kxb5 51. Ke3 Kc6 52. Kd4 Kd7 53. Kd5 Ke7 54. e6 Kf8 55. Kd6 1-0

[Event "CAN-op"]
[Site "Edmonton CAN"]
[Date "2009.07.16"]
[Round "6.65"]
[White "Chaisson, Terry"]
[Black "Santelices, Philip"]
[Result "1-0"]
[WhiteElo "1823"]
[BlackElo "1629"]
[PlyCount "57"]
[GameId "2160767910156164"]
[EventDate "2009.07.11"]
[EventType "swiss"]
[EventRounds "9"]
[EventCountry "CAN"]
[SourceTitle "EXT 2022"]
[Source "ChessBase"]
[SourceDate "2021.10.06"]
[SourceVersion "1"]
[SourceVersionDate "2021.10.06"]
[SourceQuality "1"]

1. d4 e6 2. e4 c5 3. Nf3 cxd4 4. Nxd4 Nf6 5. Bd3 Bc5 6. Nb3 Bb6 7. O-O d6 8. Nc3 a6 9. Bg5 Nbd7 10. Be2 Qc7 11. Qd2 Nc5 12. Nxc5 Bxc5 13. Rad1 b5 14. a3 b4 15. axb4 Bxb4 16. Bxf6 gxf6 17. Nd5 Bxd2 18. Nxc7+ Kd7 19. Nxa8 Ba5 20. Ra1 Bb7 21. Rxa5 Bxa8 22. f3 Rc8 23. Rxa6 Bc6 24. Ra7+ Ke8 25. Rfa1 Kf8 26. c4 Kg7 27. b4 f5 28. b5 Be8 29. Ra8 1-0

[Event "CAN-op"]
[Site "Edmonton CAN"]
[Date "2009.07.16"]
[Round "6.66"]
[White "Neumann, Ralph"]
[Black "Green, Aaron"]
[Result "1-0"]
[WhiteElo "1654"]
[BlackElo "1818"]
[PlyCount "85"]
[GameId "2160767910156165"]
[EventDate "2009.07.11"]
[EventType "swiss"]
[EventRounds "9"]
[EventCountry "CAN"]
[SourceTitle "EXT 2022"]
[Source "ChessBase"]
[SourceDate "2021.10.06"]
[SourceVersion "1"]
[SourceVersionDate "2021.10.06"]
[SourceQuality "1"]

1. d4 Nf6 2. c4 g6 3. Nf3 Bg7 4. Nc3 O-O 5. e4 d6 6. h3 Nbd7 7. Qc2 e5 8. d5 Nh5 9. Be3 a6 10. g3 h6 11. Be2 Kh7 12. O-O-O a5 13. a4 b6 14. Rdg1 Nc5 15. b3 f5 16. h4 fxe4 17. Nd2 Nd3+ 18. Bxd3 exd3 19. Qxd3 Bf5 20. Nce4 Nf6 21. f3 Bxe4 22. Nxe4 Nxe4 23. Qxe4 Qf6 24. Rf1 Qf5 25. g4 Qxe4 26. fxe4 Kg8 27. Kd2 Rxf1 28. Rxf1 Rf8 29. Rxf8+ Kxf8 30. Kc3 Ke7 31. b4 axb4+ 32. Kxb4 Kd7 33. Kb5 Bf6 34. h5 g5 35. Ka6 Bd8 36. Kb7 Be7 37. Kb8 Bd8 38. Bd2 c5 39. Kb7 Bc7 40. Bxg5 hxg5 41. h6 Bd8 42. h7 Bf6 43. Kxb6 1-0

[Event "CAN-op"]
[Site "Edmonton CAN"]
[Date "2009.07.16"]
[Round "6.67"]
[White "De Jong, Walter"]
[Black "Amundson, Kristofor"]
[Result "1-0"]
[WhiteElo "1812"]
[BlackElo "1601"]
[PlyCount "69"]
[GameId "2160767910156166"]
[EventDate "2009.07.11"]
[EventType "swiss"]
[EventRounds "9"]
[EventCountry "CAN"]
[SourceTitle "EXT 2022"]
[Source "ChessBase"]
[SourceDate "2021.10.06"]
[SourceVersion "1"]
[SourceVersionDate "2021.10.06"]
[SourceQuality "1"]

1. c4 e5 2. g3 Nf6 3. Bg2 d5 4. cxd5 Nxd5 5. Nc3 c6 6. Qb3 Nb6 7. Nf3 Be6 8. Qc2 N8d7 9. O-O Bc5 10. Rd1 Qe7 11. d4 exd4 12. Nxd4 Bxd4 13. Rxd4 Nc4 14. b3 Nce5 15. Bb2 h5 16. h3 h4 17. g4 Nxg4 18. hxg4 h3 19. Bf1 h2+ 20. Kh1 Qh4 21. f3 Qf2 22. Bg2 Qxd4 23. Ne4 Qb4 24. Bxg7 O-O-O 25. Bxh8 Rxh8 26. Rd1 Nb6 27. Qb2 Qf8 28. Nd6+ Kb8 29. e4 Nd7 30. Qd2 Ne5 31. Qb4 Qe7 32. Qd4 Qf6 33. Nf5 b6 34. g5 Ng4 35. gxf6 1-0

[Event "CAN-op"]
[Site "Edmonton CAN"]
[Date "2009.07.16"]
[Round "6.68"]
[White "Sullivan, Brian"]
[Black "Miettinen, Eric"]
[Result "0-1"]
[WhiteElo "1643"]
[BlackElo "1800"]
[PlyCount "55"]
[GameId "2160767910156167"]
[EventDate "2009.07.11"]
[EventType "swiss"]
[EventRounds "9"]
[EventCountry "CAN"]
[SourceTitle "EXT 2022"]
[Source "ChessBase"]
[SourceDate "2021.10.06"]
[SourceVersion "1"]
[SourceVersionDate "2021.10.06"]
[SourceQuality "1"]

1. d4 Nf6 2. c4 c5 3. d5 b5 4. b3 bxc4 5. bxc4 d6 6. Nc3 g6 7. Bd2 Bg7 8. Qc2 O-O 9. e4 Nbd7 10. Nf3 Ng4 11. Be2 Nge5 12. O-O Nxf3+ 13. Bxf3 Ne5 14. Be2 f5 15. f3 fxe4 16. fxe4 Rxf1+ 17. Rxf1 Rb8 18. Nd1 Qb6 19. Bc3 Qa6 20. Kh1 Qa3 21. Ne3 Nxc4 22. Rf3 Nxe3 23. Rxe3 Bxc3 24. h4 Rb2 25. Qc1 Bd2 26. Rxa3 Bxc1 27. Rxa7 Rxe2 28. Ra8 0-1

[Event "CAN-op"]
[Site "Edmonton CAN"]
[Date "2009.07.16"]
[Round "6.69"]
[White "Smith, Maurice"]
[Black "Caron, Harvey"]
[Result "1/2-1/2"]
[WhiteElo "1635"]
[BlackElo "1784"]
[PlyCount "102"]
[GameId "2160767910156168"]
[EventDate "2009.07.11"]
[EventType "swiss"]
[EventRounds "9"]
[EventCountry "CAN"]
[SourceTitle "EXT 2022"]
[Source "ChessBase"]
[SourceDate "2021.10.06"]
[SourceVersion "1"]
[SourceVersionDate "2021.10.06"]
[SourceQuality "1"]

1. e4 c5 2. f4 d6 3. Nf3 Nc6 4. Nc3 g6 5. d3 Bg7 6. Be3 Nf6 7. Be2 O-O 8. O-O a6 9. Qc1 Ng4 10. Bd2 Nd4 11. h3 Nxf3+ 12. Rxf3 Nf6 13. f5 b5 14. Bh6 e6 15. Bxg7 Kxg7 16. fxg6 fxg6 17. Qf1 b4 18. Nd1 Ra7 19. Ne3 Raf7 20. Qd1 d5 21. exd5 exd5 22. Qd2 d4 23. Nc4 Bb7 24. Rf2 Qc7 25. Raf1 h6 26. Bf3 Bc8 27. Bd1 Be6 28. b3 Nd5 29. Rxf7+ Rxf7 30. Rxf7+ Bxf7 31. a3 bxa3 32. Nxa3 Ne3 33. Bf3 Be6 34. Qe1 h5 35. Be4 Qf4 36. Qf2 Qxf2+ 37. Kxf2 Kf6 38. Kf3 g5 39. Bb7 Bd5+ 40. Bxd5 Nxd5 41. Nb1 Kf5 42. Na3 Nb4 43. g4+ hxg4+ 44. hxg4+ Kf6 45. Ke4 Ke6 46. Kf3 Kd5 47. Kg3 Ke6 48. Kf3 Kd5 49. Kg3 Nc6 50. Nc4 Nb4 51. Na3 Nc6 1/2-1/2

[Event "CAN-op"]
[Site "Edmonton CAN"]
[Date "2009.07.16"]
[Round "6.70"]
[White "Green, Jim"]
[Black "Du, Howard"]
[Result "1-0"]
[WhiteElo "1782"]
[BlackElo "1655"]
[PlyCount "61"]
[GameId "2160767910156169"]
[EventDate "2009.07.11"]
[EventType "swiss"]
[EventRounds "9"]
[EventCountry "CAN"]
[SourceTitle "EXT 2022"]
[Source "ChessBase"]
[SourceDate "2021.10.06"]
[SourceVersion "1"]
[SourceVersionDate "2021.10.06"]
[SourceQuality "1"]

1. e4 b6 2. Bc4 Bb7 3. d3 d6 4. Nf3 Nf6 5. Nc3 Nbd7 6. O-O h6 7. Qe2 e5 8. a3 Be7 9. h3 O-O 10. Nh2 c6 11. Ng4 Nxg4 12. Qxg4 Kh8 13. Ba2 Nf6 14. Qe2 Qc7 15. f4 d5 16. fxe5 Qxe5 17. Bf4 Bc5+ 18. Kh1 Qe7 19. Rae1 Rae8 20. Qd2 Qd7 21. d4 Be7 22. exd5 c5 23. Be5 Bd6 24. Bxf6 Kh7 25. Be5 Be7 26. Qd3+ g6 27. d6 Qxh3+ 28. Qxh3 Bc8 29. Qf3 Bh4 30. Bg3 Bg5 31. Rxe8 1-0

[Event "CAN-op"]
[Site "Edmonton CAN"]
[Date "2009.07.16"]
[Round "6.71"]
[White "Araullo, Marlon"]
[Black "White, Chris"]
[Result "1/2-1/2"]
[WhiteElo "1596"]
[BlackElo "1766"]
[PlyCount "133"]
[GameId "2160767910156170"]
[EventDate "2009.07.11"]
[EventType "swiss"]
[EventRounds "9"]
[EventCountry "CAN"]
[SourceTitle "EXT 2022"]
[Source "ChessBase"]
[SourceDate "2021.10.06"]
[SourceVersion "1"]
[SourceVersionDate "2021.10.06"]
[SourceQuality "1"]

1. e4 e6 2. d4 d5 3. e5 c5 4. f4 Nc6 5. Nf3 Qb6 6. a3 Nxd4 7. Nxd4 cxd4 8. Bd3 Ne7 9. Qf3 Bd7 10. g4 Ng6 11. Nd2 Bb5 12. Nb3 Bxd3 13. Qxd3 Be7 14. O-O Rc8 15. Nxd4 Rc4 16. c3 Bc5 17. Rd1 Qb3 18. Kh1 Bxd4 19. cxd4 Qxd3 20. Rxd3 Kd7 21. Be3 Rhc8 22. Rad1 Rc2 23. R1d2 Nh4 24. h3 Nf3 25. Rf2 Rc1+ 26. Bxc1 Rxc1+ 27. Kg2 Ne1+ 28. Kg3 Nxd3 29. Rf3 Ne1 30. Rf1 Nd3 31. Rf3 Nxb2 32. Rb3 b6 33. Rxb2 Rc3+ 34. Kh4 Rf3 35. f5 exf5 36. gxf5 Rxf5 37. Kg4 Rf1 38. a4 Rc1 39. Rf2 Ke6 40. a5 b5 41. a6 Rc4 42. Rd2 Ra4 43. Rb2 Rxd4+ 44. Kf3 b4 45. Rg2 b3 46. Ke3 Rb4 47. Rb2 Kxe5 48. Kd3 Rh4 49. Re2+ Re4 50. Rb2 d4 51. Kc4 Re3 52. Kc5 Rc3+ 53. Kb5 Ke4 54. Kb4 Rxh3 55. Rg2 d3 56. Kxb3 d2+ 57. Kc2 Ra3 58. Rxg7 Rc3+ 59. Kxd2 Rc6 60. Rxf7 Rxa6 61. Rxh7 Kd4 62. Kc2 Kc4 63. Rh4+ Kb5 64. Kb3 Rc6 65. Rh7 a5 66. Rh5+ Kb6 67. Rh8 1/2-1/2

[Event "CAN-op"]
[Site "Edmonton CAN"]
[Date "2009.07.16"]
[Round "6.72"]
[White "Faust, Steven"]
[Black "Thomson, Bruce"]
[Result "1/2-1/2"]
[WhiteElo "1757"]
[BlackElo "1555"]
[PlyCount "60"]
[GameId "2160767910156171"]
[EventDate "2009.07.11"]
[EventType "swiss"]
[EventRounds "9"]
[EventCountry "CAN"]
[SourceTitle "EXT 2022"]
[Source "ChessBase"]
[SourceDate "2021.10.06"]
[SourceVersion "1"]
[SourceVersionDate "2021.10.06"]
[SourceQuality "1"]

1. Nf3 Nf6 2. c4 g6 3. Nc3 Bg7 4. e4 d6 5. h3 O-O 6. d4 e5 7. Be2 Re8 8. dxe5 dxe5 9. Qxd8 Rxd8 10. Nxe5 Nxe4 11. Nxe4 Bxe5 12. O-O Nc6 13. a3 Re8 14. Bd3 b6 15. Rb1 Bb7 16. Ng3 Rad8 17. Bc2 Kg7 18. b4 a6 19. Bb2 Bxb2 20. Rxb2 Rd2 21. Rfb1 Nd4 22. Ba4 Rxb2 23. Rxb2 b5 24. cxb5 axb5 25. Bc2 Bd5 26. Bd3 c6 27. Rd2 Re1+ 28. Kh2 Nb3 29. Re2 Ra1 30. Be4 Bxe4 1/2-1/2